00730nam a2200205 a 450000100060000000300080000600500170001400800410003103500190007204000250009104100080011608200270012410000300015124501780018125000230035926000280038230000360041065000280044665000500047472470BD-RjUL20211209082250.0170620s1947 enkabc 001 0 eng  a(BD-RjUL)72688 aLCbengcLCdABN-SNR aeng04223a572.7094bBAP 19471 aBates, Daisy,d1859-1951.14aThe passing of the Aborigines :ba lifetime spent among the natives of Australia /cDaisy Bates ; with a foreword by ... Sir George Murray and an introduction by Arthur Mee. a2nd Australian ed. aLondon :bMurray,c1947 axviii, 254 p. :bill. ;c23 cm. 0aAboriginal Australians. 0aAboriginal AustraliansxGovernment relations.